[Event "Vandoeuvre op 5th"]
[Site "Vandoeuvre"]
[Date "2008.12.28"]
[Round "6"]
[White "Marie, Loic"]
[Black "Amigues, Emmanuel"]
[Result "1-0"]
[WhiteElo "1903"]
[BlackElo "2355"]
[PlyCount "83"]
[EventDate "2008.12.26"]
[EventType "swiss"]
[EventRounds "9"]
[EventCountry "FRA"]
[SourceTitle "CBM 127 Extra"]
[Source "ChessBase"]
[SourceDate "2009.01.08"]
[SourceVersion "2"]
[SourceVersionDate "2009.01.28"]
[SourceQuality "1"]

1. c4 e6 2. Nc3 f5 3. e4 fxe4 4. d3 exd3 5. Bxd3 Nf6 6. g4 g6 7. h4 d5 8. Bg5 Be7 9. h5 dxc4 10. Qa4+ Nc6 11. Bxc4 Qd4 12. Nge2 Qxg4 13. Rg1 Qf5 14. 0-0-0 Nxh5 15. Bxe7 Kxe7 16. Bb5 Ne5 17. Qh4+ Qf6 18. Qb4+ Kf7 19. Ne4 Qe7 20. Qd4 Rf8 21. Qxe5 a6 22. Ng5+ Kg8 23. Bd3 Qg7 24. Qxg7+ Nxg7 25. Bc4 h6 26. Ne4 Kh7 27. f4 Nf5 28. Rd3 b6 29. Nf2 b5 30. Bb3 c5 31. Bc2 Ra7 32. Rgd1 Raf7 33. Rd8 Nd4 34. Rxf8 Nxe2+ 35. Kd2 Rxf8 36. Kxe2 e5 37. fxe5 Re8 38. Rd5 Be6 39. Rxc5 Bc4+ 40. Ke3 Bxa2 41. b3 a5 42. Ne4 1-0

[Event "FRA-chT Top 16 GpA"]
[Site "France"]
[Date "2008.03.23"]
[Round "2"]
[White "Bricard, Emmanuel"]
[Black "Amigues, Emmanuel"]
[Result "1-0"]
[WhiteElo "2490"]
[BlackElo "2378"]
[PlyCount "63"]
[EventDate "2008.03.22"]
[EventType "team"]
[EventRounds "7"]
[EventCountry "FRA"]
[SourceTitle "CBM 123 Extra"]
[Source "ChessBase"]
[SourceDate "2008.05.06"]
[SourceVersion "1"]
[SourceVersionDate "2008.05.06"]
[SourceQuality "1"]

1. g3 d5 2. Bg2 Nf6 3. f4 c5 4. Nf3 Nc6 5. 0-0 g6 6. d3 Bg7 7. c3 0-0 8. Na3 Rb8 9. Ne5 Nxe5 10. fxe5 Ne8 11. Bf4 Nc7 12. Qd2 Be6 13. d4 cxd4 14. cxd4 Qd7 15. Nc2 Rbc8 16. Rfc1 Rfd8 17. a4 Na6 18. b4 Bf5 19. b5 Nb8 20. Ne3 Be6 21. Rxc8 Rxc8 22. Rc1 Rd8 23. Rc5 b6 24. Rc3 h6 25. h4 a6 26. Qb2 axb5 27. axb5 Bh3 28. Bf3 Bf5 29. Nxd5 e6 30. Rc7 exd5 31. Rxd7 Rxd7 32. Qc3 1-0

[Event "Gibraltar Masters 6th"]
[Site "Gibraltar"]
[Date "2008.01.30"]
[Round "9"]
[White "Hagen, Anders Gjerdrum"]
[Black "Amigues, Emmanuel"]
[Result "0-1"]
[WhiteElo "2049"]
[BlackElo "2378"]
[PlyCount "44"]
[EventDate "2008.01.22"]
[EventType "swiss"]
[EventRounds "10"]
[EventCountry "ENG"]
[SourceTitle "CBM 122 Extra"]
[Source "ChessBase"]
[SourceDate "2008.03.04"]
[SourceVersion "1"]
[SourceVersionDate "2008.03.04"]
[SourceQuality "1"]

1. d4 d5 2. c4 e6 3. Nc3 Nf6 4. Bg5 c6 5. e3 Be7 6. Nf3 a6 7. Bd3 Nbd7 8. 0-0 0-0 9. cxd5 Nxd5 10. Bxe7 Qxe7 11. Rc1 h6 12. Bb1 N5f6 13. e4 e5 14. dxe5 Ng4 15. Nd4 Ndxe5 16. f4 Rd8 17. Nd5 cxd5 18. Rxc8 Raxc8 19. fxe5 Qxe5 20. Qxg4 Qxd4+ 21. Kh1 Qf2 22. Qd1 dxe4 0-1

[Event "Gibraltar Masters 6th"]
[Site "Gibraltar"]
[Date "2008.01.24"]
[Round "3"]
[White "Svendsen, Peter Willer"]
[Black "Amigues, Emmanuel"]
[Result "0-1"]
[WhiteElo "2011"]
[BlackElo "2378"]
[PlyCount "48"]
[EventDate "2008.01.22"]
[EventType "swiss"]
[EventRounds "10"]
[EventCountry "ENG"]
[SourceTitle "CBM 122 Extra"]
[Source "ChessBase"]
[SourceDate "2008.03.04"]
[SourceVersion "1"]
[SourceVersionDate "2008.03.04"]
[SourceQuality "1"]

1. d4 d5 2. c4 e6 3. Nc3 c6 4. Nf3 dxc4 5. e3 b5 6. a4 Bb4 7. Be2 Bb7 8. 0-0 a6 9. e4 Ne7 10. Be3 0-0 11. Qc2 Nd7 12. e5 h6 13. Qe4 Qc8 14. Qg4 f5 15. Qh4 Qe8 16. Bxh6 gxh6 17. Qxh6 Qg6 18. Qh4 Kg7 19. Ng5 Rh8 20. Qg3 Kf8 21. h4 Nb6 22. h5 Qh6 23. axb5 cxb5 24. f4 Ned5 0-1

[Event "FRA-chT Top 16 GpA"]
[Site "France"]
[Date "2007.04.30"]
[Round "6"]
[White "Amigues, Emmanuel"]
[Black "Romieux, Sebastien"]
[Result "1/2-1/2"]
[WhiteElo "2391"]
[BlackElo "2252"]
[PlyCount "50"]
[EventDate "2007.02.09"]
[EventType "team"]
[EventRounds "11"]
[EventCountry "FRA"]
[SourceTitle "CBM 118 Extra"]
[Source "ChessBase"]
[SourceDate "2007.07.04"]
[SourceVersion "1"]
[SourceVersionDate "2007.07.04"]
[SourceQuality "1"]
[WhiteTeam "Marseille"]
[BlackTeam "Creteil"]
[WhiteTeamCountry "FRA"]
[BlackTeamCountry "FRA"]

1. Nf3 Nf6 2. c4 e6 3. Nc3 Bb4 4. Qc2 b6 5. g3 Bb7 6. Bg2 0-0 7. a3 Bxc3 8. Qxc3 Ne4 9. Qc2 f5 10. 0-0 Nf6 11. d3 d6 12. Re1 Qe8 13. e4 fxe4 14. dxe4 e5 15. b4 Nbd7 16. h3 a5 17. Bb2 axb4 18. axb4 Rxa1 19. Bxa1 Nxe4 20. Rxe4 Qa8 21. Rh4 Qxa1+ 22. Kh2 Nf6 23. Ng5 Bxg2 24. Kxg2 Qa8+ 25. Kg1 Qa1+ 1/2-1/2

[Event "Walldorf"]
[Site "Walldorf"]
[Date "2006.04.??"]
[Round "5"]
[White "Amigues, Emmanuel"]
[Black "Miltner, Arndt"]
[Result "1/2-1/2"]
[WhiteElo "2332"]
[BlackElo "2400"]
[PlyCount "52"]
[EventDate "2006.04.13"]
[EventType "tourn"]
[EventRounds "9"]
[EventCountry "GER"]
[EventCategory "4"]
[SourceTitle "CBM 111 Extra"]
[Source "ChessBase"]
[SourceDate "2006.05.09"]
[SourceVersion "1"]
[SourceVersionDate "2006.05.09"]
[SourceQuality "1"]

1. d4 d6 2. e4 Nf6 3. f3 e5 4. dxe5 dxe5 5. Qxd8+ Kxd8 6. Bc4 Ke7 7. Bg5 Be6 8. Nd2 Nbd7 9. Ne2 h6 10. Bh4 Bxc4 11. Nxc4 Ke6 12. Nc1 b5 13. Nd2 Nc5 14. b4 Na4 15. Nd3 c5 16. bxc5 Nxc5 17. Rb1 a6 18. Nb4 Rc8 19. Bxf6 gxf6 20. c4 bxc4 21. Nd5 c3 22. Rb6+ Bd6 23. Nc4 Nd3+ 24. Ke2 Rxc4 25. Kxd3 Rhc8 26. Rc1 Rd4+ 1/2-1/2

[Event "Walldorf"]
[Site "Walldorf"]
[Date "2006.04.??"]
[Round "2"]
[White "Zuse, Peter"]
[Black "Amigues, Emmanuel"]
[Result "0-1"]
[WhiteElo "2333"]
[BlackElo "2332"]
[PlyCount "106"]
[EventDate "2006.04.13"]
[EventType "tourn"]
[EventRounds "9"]
[EventCountry "GER"]
[EventCategory "4"]
[SourceTitle "CBM 111 Extra"]
[Source "ChessBase"]
[SourceDate "2006.05.09"]
[SourceVersion "1"]
[SourceVersionDate "2006.05.09"]
[SourceQuality "1"]

1. g3 d5 2. Bg2 Nf6 3. Nf3 c6 4. 0-0 Bg4 5. c4 Nbd7 6. d3 Bxf3 7. exf3 g6 8. f4 Bg7 9. cxd5 Nxd5 10. Nd2 0-0 11. Nc4 a5 12. Qe2 a4 13. a3 Nc5 14. Ne5 Nb3 15. Rb1 Ra5 16. Rd1 Nd4 17. Qe4 Nf6 18. Qe1 Rb5 19. Bd2 Nd7 20. Nc4 Nc5 21. Bb4 Nc2 22. Qd2 Nxb4 23. axb4 Nb3 24. Qe1 e6 25. Na3 Rb6 26. Nc4 Rb5 27. Na3 Rb6 28. Nc4 Ra6 29. Ne5 Qd4 30. b5 cxb5 31. Bxb7 Rd6 32. Bg2 Rc8 33. Nf3 Qb6 34. Ng5 Rc2 35. Ne4 Rd8 36. d4 Rxd4 37. Qe3 Qd8 38. Rxd4 Qxd4 39. Qf3 Rxb2 40. Rd1 Qb6 41. Nd6 Bf8 42. Ne4 Bg7 43. Nd6 Rd2 44. Rxd2 Nxd2 45. Qd3 Nc4 46. Nxc4 bxc4 47. Qxc4 Qb1+ 48. Qf1 Qb2 49. f5 Bd4 50. fxe6 fxe6 51. Bh3 Kf7 52. Qd1 Qxf2+ 53. Kh1 a3 0-1

[Event "Paris-ch"]
[Site "Paris"]
[Date "2005.07.15"]
[Round "7"]
[White "Marcelin, Cyril"]
[Black "Amigues, Emmanuel"]
[Result "1/2-1/2"]
[WhiteElo "2481"]
[BlackElo "2317"]
[PlyCount "55"]
[EventDate "2005.07.10"]
[EventType "swiss"]
[EventRounds "9"]
[EventCountry "FRA"]
[SourceTitle "CBM 107 Extra"]
[Source "ChessBase"]
[SourceDate "2005.09.01"]
[SourceVersion "1"]
[SourceVersionDate "2005.09.01"]
[SourceQuality "1"]

1. d4 Nf6 2. c4 e6 3. Nf3 d5 4. g3 c6 5. Bg2 dxc4 6. a4 b5 7. 0-0 Bb7 8. Bg5 Nbd7 9. Nc3 a6 10. Ne5 Nxe5 11. dxe5 Qxd1 12. Rfxd1 Nd5 13. axb5 cxb5 14. Nxd5 exd5 15. Bxd5 Bxd5 16. Rxd5 Be7 17. e6 Bxg5 18. Rxg5 0-0 19. e7 Rfe8 20. Rd5 f6 21. Kf1 Kf7 22. Rd6 Rxe7 23. Raxa6 Rxa6 24. Rxa6 Rd7 25. Ke1 f5 26. Rb6 Rd5 27. f3 g5 28. e4 1/2-1/2

[Event "Paris-ch"]
[Site "Paris"]
[Date "2005.07.12"]
[Round "4"]
[White "Greiff, Hakan"]
[Black "Amigues, Emmanuel"]
[Result "0-1"]
[WhiteElo "2244"]
[BlackElo "2317"]
[PlyCount "132"]
[EventDate "2005.07.10"]
[EventType "swiss"]
[EventRounds "9"]
[EventCountry "FRA"]
[SourceTitle "CBM 107 Extra"]
[Source "ChessBase"]
[SourceDate "2005.09.01"]
[SourceVersion "1"]
[SourceVersionDate "2005.09.01"]
[SourceQuality "1"]

1. e4 Nf6 2. Nc3 d5 3. exd5 Nxd5 4. Bc4 c6 5. Qf3 e6 6. Nge2 Nd7 7. d4 N7f6 8. Bg5 Nxc3 9. bxc3 Be7 10. 0-0 Qa5 11. Bf4 Qh5 12. Qxh5 Nxh5 13. Be5 Bd7 14. Rab1 b5 15. Bd3 0-0 16. h3 Rfc8 17. c4 Nf6 18. c3 a6 19. c5 Be8 20. Bg3 Nd7 21. Rfe1 Ra7 22. f4 Rd8 23. Be4 Nf6 24. Bc2 Nd5 25. f5 Ne3 26. Rbc1 exf5 27. Nf4 Nxc2 28. Rxc2 g5 29. Nd3 f4 30. Rce2 Kf8 31. Bf2 a5 32. a3 f6 33. g3 Bg6 34. Rd2 fxg3 35. Bxg3 Kf7 36. Rf1 Kg7 37. Nf2 Bxc5 38. Ng4 Bd6 39. Kh2 Bxg3+ 40. Kxg3 Rf7 41. Rdf2 Rd6 42. Ne3 Re7 43. Rf3 Rde6 44. Nf5+ Bxf5 45. Rxf5 h5 46. Rc5 Re2 47. h4 gxh4+ 48. Kxh4 R7e4+ 49. Kg3 h4+ 50. Kh3 R2e3+ 51. Kh2 Re2+ 52. Kh3 R2e3+ 53. Kh2 Rg3 54. Rxc6 Re2+ 55. Kh1 Rh3+ 56. Kg1 Rg3+ 57. Kh1 Rh3+ 58. Kg1 Rhh2 59. Rfxf6 Reg2+ 60. Kf1 h3 61. Ke1 Rh1+ 62. Rf1 Rxf1+ 63. Kxf1 Rc2 64. Kg1 b4 65. axb4 axb4 66. d5 b3 0-1

[Event "FRA-chT2 0405"]
[Site "France"]
[Date "2005.04.02"]
[Round "10.2"]
[White "Guennoun, Anthony"]
[Black "Amigues, Emmanuel"]
[Result "1/2-1/2"]
[WhiteElo "2101"]
[BlackElo "2349"]
[PlyCount "117"]
[EventDate "2004.10.10"]
[EventType "team"]
[EventRounds "11"]
[EventCountry "FRA"]
[SourceTitle "EXT 2006"]
[Source "ChessBase"]
[SourceDate "2005.11.24"]
[SourceVersion "1"]
[SourceVersionDate "2005.11.24"]
[SourceQuality "1"]

1. c4 e5 2. Nc3 Nc6 3. g3 g6 4. Bg2 Bg7 5. e3 Nf6 6. Nge2 d6 7. 0-0 Be6 8. Nd5 0-0 9. Nec3 Ne7 10. Nxf6+ Bxf6 11. Nd5 Bg7 12. b3 Nc8 13. d4 c6 14. Nc3 exd4 15. exd4 Ne7 16. Bg5 h6 17. Bxe7 Qxe7 18. Re1 Qf6 19. Ne4 Qxd4 20. Qxd4 Bxd4 21. Rad1 Bc5 22. Nxd6 Bb4 23. Rf1 Rab8 24. Ne4 Rfd8 25. f4 Kg7 26. Bf3 Bh3 27. Rxd8 Rxd8 28. Rd1 Re8 29. Nf2 Bc5 30. b4 Be3 31. Re1 Re6 32. Bd1 Bd2 33. Re2 Rxe2 34. Bxe2 Be6 35. a3 a5 36. Ne4 Be3+ 37. Kg2 Bc1 38. Nc5 Bxa3 39. Nxe6+ fxe6 40. bxa5 Bb2 41. a6 bxa6 42. Bf3 c5 43. Bb7 a5 44. Bc6 Kf6 45. Kf3 Bc3 46. Ke4 Bd4 47. g4 e5 48. f5 h5 49. h3 hxg4 50. hxg4 gxf5+ 51. gxf5 Kg5 52. Bb5 Kf6 53. Ba4 Bc3 54. Bb5 Bd2 55. Ba4 Bh6 56. Bd7 Bg7 57. Ba4 Kg5 58. Bd1 Kf6 59. Bc2 1/2-1/2

[Event "Rosny sous Bois 03rd"]
[Site "Rosny sous Bois"]
[Date "2004.10.30"]
[Round "8"]
[White "Riff, Jean Noel"]
[Black "Amigues, Emmanuel"]
[Result "1-0"]
[WhiteElo "2428"]
[BlackElo "2378"]
[PlyCount "65"]
[EventDate "2004.10.23"]
[EventType "tourn"]
[EventRounds "9"]
[EventCountry "FRA"]
[EventCategory "4"]
[SourceTitle "EXT 2005"]
[Source "ChessBase"]
[SourceDate "2004.11.15"]
[SourceVersion "1"]
[SourceVersionDate "2004.11.15"]
[SourceQuality "1"]

1. e4 c5 2. Nc3 a6 3. Nf3 d6 4. d4 cxd4 5. Nxd4 Nf6 6. Be2 e6 7. 0-0 Be7 8. f4 0-0 9. Be3 Qc7 10. Bf3 Nc6 11. Nxc6 bxc6 12. Na4 Rb8 13. c4 Nd7 14. Qc2 Bf6 15. Rfd1 c5 16. b3 Nb6 17. Nc3 Bb7 18. Rd3 Nc8 19. Qf2 Bxc3 20. Rxc3 f6 21. Rd3 Bc6 22. Qg3 Ne7 23. Rad1 Rfd8 24. Bd2 f5 25. Bc3 Ng6 26. e5 Bxf3 27. Qxf3 dxe5 28. fxe5 Rxd3 29. Qxd3 Nxe5 30. Qe3 Ng4 31. Qxe6+ Kh8 32. g3 Rd8 33. Rd5 1-0

[Event "Rosny sous Bois 03rd"]
[Site "Rosny sous Bois"]
[Date "2004.10.25"]
[Round "3"]
[White "Bogdanov, Emil"]
[Black "Amigues, Emmanuel"]
[Result "1-0"]
[WhiteElo "2234"]
[BlackElo "2378"]
[PlyCount "65"]
[EventDate "2004.10.23"]
[EventType "tourn"]
[EventRounds "9"]
[EventCountry "FRA"]
[EventCategory "4"]
[SourceTitle "EXT 2005"]
[Source "ChessBase"]
[SourceDate "2004.11.15"]
[SourceVersion "1"]
[SourceVersionDate "2004.11.15"]
[SourceQuality "1"]

1. c4 c6 2. Nf3 d5 3. cxd5 cxd5 4. d4 Nf6 5. Nc3 e6 6. Bg5 Be7 7. e3 Nc6 8. Bd3 h6 9. Bh4 0-0 10. 0-0 Bd7 11. Rc1 Rc8 12. Ne5 Ne8 13. Bxe7 Nxe7 14. Qb3 Nd6 15. Qa3 Be8 16. Qxa7 f6 17. Nf3 Ra8 18. Qc5 Nc6 19. a4 b6 20. Qa3 Na5 21. b3 Bh5 22. Nd2 f5 23. f4 g5 24. Nb5 Nxb5 25. Bxb5 Ra7 26. g3 Rg7 27. Qb4 Kh7 28. Ba6 Qb8 29. Rc3 Rfg8 30. Kf2 Be8 31. Rfc1 Bd7 32. Rc7 Nc6 33. Qd6 1-0

[Event "FRA-chT2 0304a"]
[Site "France"]
[Date "2004.03.14"]
[Round "9.1"]
[White "Amigues, Emmanuel"]
[Black "Dunis, Aurelien"]
[Result "1/2-1/2"]
[WhiteElo "2352"]
[BlackElo "2412"]
[PlyCount "124"]
[EventDate "2003.10.??"]
[EventType "team"]
[EventRounds "11"]
[EventCountry "FRA"]
[SourceTitle "EXT 2005"]
[Source "ChessBase"]
[SourceDate "2004.11.15"]
[SourceVersion "1"]
[SourceVersionDate "2004.11.15"]
[SourceQuality "1"]
[WhiteTeam "Marseille EFE"]
[BlackTeam "Nice Alekhine"]
[WhiteTeamCountry "FRA"]
[BlackTeamCountry "FRA"]

1. d4 d5 2. c4 c6 3. Nf3 Nf6 4. Nc3 a6 5. Qb3 e6 6. Bg5 Be7 7. e3 0-0 8. Rc1 b5 9. cxd5 cxd5 10. Bd3 Bb7 11. Bxf6 gxf6 12. Bb1 f5 13. h3 Nd7 14. g4 Bd6 15. gxf5 Qf6 16. Nh2 Rac8 17. Qd1 Bxh2 18. Rxh2 e5 19. a3 Kh8 20. Rg2 exd4 21. exd4 Rg8 22. Rg4 Qh6 23. Ne2 Qxh3 24. Rxc8 Rxc8 25. Rg3 Qh1+ 26. Rg1 Qh5 27. Qd3 Re8 28. Kf1 Nf6 29. Nf4 Qh6 30. Qd2 Qh4 31. Ng2 Qh5 32. Nf4 Qf3 33. Rg3 Qh1+ 34. Rg1 Qh2 35. Rg2 Qh4 36. Kg1 Bc8 37. Ne2 Bd7 38. Ng3 Rg8 39. Rh2 Qg5 40. Qxg5 Rxg5 41. Rh4 Rg8 42. Kg2 Rc8 43. Kf3 Rc1 44. Bd3 Kg7 45. Kf4 Rd1 46. Ke3 a5 47. Ke2 Ra1 48. Kd2 b4 49. axb4 axb4 50. f3 Rg1 51. Nf1 Rg2+ 52. Kc1 Rf2 53. Rh3 Bxf5 54. Bxf5 Rxf1+ 55. Kc2 Rf2+ 56. Kb3 h5 57. Kxb4 Rxb2+ 58. Kc5 Rb3 59. Kd6 Re3 60. f4 Re1 61. Rg3+ Kh6 62. Rh3 Kg7 1/2-1/2

[Event "FRA-chT2 0304a"]
[Site "France"]
[Date "2004.03.13"]
[Round "8.2"]
[White "Amigues, Emmanuel"]
[Black "Mrdja, Milan"]
[Result "0-1"]
[WhiteElo "2352"]
[BlackElo "2413"]
[PlyCount "74"]
[EventDate "2003.10.??"]
[EventType "team"]
[EventRounds "11"]
[EventCountry "FRA"]
[SourceTitle "EXT 2005"]
[Source "ChessBase"]
[SourceDate "2004.11.15"]
[SourceVersion "1"]
[SourceVersionDate "2004.11.15"]
[SourceQuality "1"]
[WhiteTeam "Marseille EFE"]
[BlackTeam "Echiquier Nicois II"]
[WhiteTeamCountry "FRA"]
[BlackTeamCountry "FRA"]

1. d4 c5 2. dxc5 Na6 3. Nc3 Nxc5 4. e4 b6 5. Bc4 Bb7 6. Bd5 Qc8 7. Be3 Nf6 8. Bxb7 Qxb7 9. f3 d6 10. a4 e6 11. Nge2 Be7 12. 0-0 0-0 13. Qe1 Rfd8 14. Qg3 Rac8 15. Rae1 a6 16. Nd4 Kh8 17. Kh1 Qd7 18. Ra1 Qb7 19. Rae1 Ncd7 20. Bd2 Rc4 21. Nce2 Rcc8 22. Bc3 Bf8 23. Nb3 e5 24. Rd1 Qc6 25. a5 b5 26. Qe1 d5 27. exd5 Nxd5 28. Rc1 Qg6 29. f4 Ne3 30. Rf2 b4 31. f5 Qg4 32. Ng3 bxc3 33. Qxe3 cxb2 34. Rb1 Nf6 35. h3 Rd1+ 36. Nf1 Qh5 37. Nbd2 Ng4 0-1

[Event "Vandoeuvre op"]
[Site "Vandoeuvre"]
[Date "2004.??.??"]
[Round "1"]
[White "Amigues, Emmanuel"]
[Black "Andre, Damien"]
[Result "1-0"]
[WhiteElo "2378"]
[BlackElo "2114"]
[PlyCount "81"]
[EventDate "2004.12.26"]
[EventType "swiss"]
[EventRounds "9"]
[EventCountry "FRA"]
[SourceTitle "CBM 104 Extra"]
[Source "ChessBase"]
[SourceDate "2005.03.01"]
[SourceVersion "1"]
[SourceVersionDate "2005.03.01"]
[SourceQuality "1"]

1. d4 d5 2. Nf3 Nf6 3. c4 e6 4. Nc3 Be7 5. Bg5 0-0 6. e3 h6 7. Bh4 b6 8. Be2 Bb7 9. 0-0 Nbd7 10. Rc1 c5 11. Bg3 Ne4 12. cxd5 Nxg3 13. hxg3 exd5 14. dxc5 Nxc5 15. Nd4 Bf6 16. Rc2 Qe7 17. Bg4 Rfd8 18. Nce2 Qe8 19. Nf4 Be5 20. Qf3 Ne4 21. Rfc1 Nf6 22. Bf5 g6 23. Bd3 Qe7 24. Bb5 Qd6 25. Nd3 Bxd4 26. exd4 Rac8 27. Ne5 Rxc2 28. Rxc2 Rc8 29. Rxc8+ Bxc8 30. Be8 Bf5 31. Bxf7+ Kg7 32. a3 Ne4 33. g4 Be6 34. Bxg6 Ng5 35. Qf4 Qc7 36. Bd3 a5 37. f3 Qb7 38. Ng6 Nf7 39. Qe3 Qc8 40. Nf4 Bd7 41. Nxd5 1-0